Normal view
MARC view
Entry Geographic Name
001 - CONTROL NUMBER
- control field: 48039
003 - CONTROL NUMBER IDENTIFIER
- control field: ARRUPE
005 - DATE AND TIME OF LATEST TRANSACTION
- control field: 20190904111518.0
008 - FIXED-LENGTH DATA ELEMENTS
- fixed length control field: 190904|| aca||aabn | a|a d
040 ## - CATALOGING SOURCE
- Original cataloging agency: ARRUPE
- Transcribing agency: ARRUPE
151 ## - HEADING--GEOGRAPHIC NAME
- Geographic name: Kenya
- General subdivision: Politics
- Chronological subdivision: 1962-
670 ## - SOURCE DATA FOUND
- Source citation: Work cat.: (ARRUPE): Angaluki, Paschal Isimwamu 48038, State, Governance and identity politics in Kenya, 2017